000 00390nam a2200145Ia 4500
008 090124s9999 xx 000 0 und d
082 _b302571
245 _a अशांत पर्व
250 _a1
260 _bखांडेकर संजीव
_c1991
300 _a152
630 _a अशांत पर्व
730 _a अशांत पर्व
942 _cBOOK
999 _c192208
_d192208